Signaling in telecommunication networks (Record no. 8256)

000 -LEADER
fixed length control field 01047 a2200253 4500
020 ## - INTERNATIONAL STANDARD BOOK NUMBER
International Standard Book Number 0471662887
020 ## - INTERNATIONAL STANDARD BOOK NUMBER
International Standard Book Number 9780471662884
040 ## - CATALOGING SOURCE
Original cataloging agency DLC
Language of cataloging DLC
082 00 - DEWEY DECIMAL CLASSIFICATION NUMBER
Classification number 621.382/16
100 1# - MAIN ENTRY--PERSONAL NAME
Personal name Van Bosse, John G.
245 10 - TITLE STATEMENT
Title Signaling in telecommunication networks
Statement of responsibility, etc. John G. van Bosse, Fabrizio U. Devetak
250 ## - EDITION STATEMENT
Edition statement 2nd ed.
260 ## - PUBLICATION, DISTRIBUTION, ETC.
Place of publication, distribution, etc. Hoboken, N.J. :
Name of publisher, distributor, etc. Wiley-Interscience,
Date of publication, distribution, etc. c2007.
300 ## - PHYSICAL DESCRIPTION
Extent xiv, 810 p. :
Other physical details ill. ;
Dimensions 25 cm.
440 #0 - SERIES STATEMENT/ADDED ENTRY--TITLE
Title Wiley series in telecommunications and signal processing
650 #0 - SUBJECT ADDED ENTRY--TOPICAL TERM
Topical term or geographic name entry element Telecommunication
General subdivision Switching systems.
650 #0 - SUBJECT ADDED ENTRY--TOPICAL TERM
Topical term or geographic name entry element Signaling system 7.
650 #0 - SUBJECT ADDED ENTRY--TOPICAL TERM
Topical term or geographic name entry element Signal theory (Telecommunication)
700 1# - ADDED ENTRY--PERSONAL NAME
Personal name Devetak, Fabrizio U.,
Dates associated with a name 1946-
856 42 - ELECTRONIC LOCATION AND ACCESS
Materials specified Publisher description
Uniform Resource Identifier <a href="http://www.loc.gov/catdir/enhancements/fy0645/2006043901-d.html">http://www.loc.gov/catdir/enhancements/fy0645/2006043901-d.html</a>
856 42 - ELECTRONIC LOCATION AND ACCESS
Materials specified Contributor biographical information
Uniform Resource Identifier <a href="http://www.loc.gov/catdir/enhancements/fy0826/2006043901-b.html">http://www.loc.gov/catdir/enhancements/fy0826/2006043901-b.html</a>
856 42 - ELECTRONIC LOCATION AND ACCESS
Materials specified Table of contents only
Uniform Resource Identifier <a href="http://www.loc.gov/catdir/enhancements/fy0826/2006043901-t.html">http://www.loc.gov/catdir/enhancements/fy0826/2006043901-t.html</a>
942 ## - ADDED ENTRY ELEMENTS (KOHA)
Koha item type Book
Call number prefix 621.38216 VAN
Source of classification or shelving scheme
Holdings
Withdrawn status Lost status Damaged status Not for loan Collection code Permanent Location Current Location Shelving location Date acquired Source of acquisition Cost, normal purchase price Total Checkouts Full call number Barcode Date last seen Price effective from Koha item type
          Central Library (CL) Central Library (CL) General Stacks 03/27/2007 Allied Book Company 7834.32   621.38216 VAN SEECS008280 11/14/2012 01/05/2017 Book
          Central Library (CL) Central Library (CL) General Stacks 02/22/2007 A & J Def Tek Concultants 7834.32   621.38216 VAN SEECS008160 11/14/2012 01/05/2017 Book
© 2023 Central Library, National University of Sciences and Technology. All Rights Reserved.